| Tag |
First Indicator |
Second Indicator |
Subfields |
| LEADER |
00000cam a2200000 4500 |
| 001 |
in00000044802 |
| 005 |
20151007075139.0 |
| 008 |
800613s1790 enk 00010 eng d |
| 035 |
|
|
|a (OCoLC)06415442
|
| 035 |
|
|
|9 AAF2723AM
|
| 040 |
|
|
|a TXA
|c TXA
|d UtOrBLW
|
| 049 |
|
|
|a TXAS [rare]
|
| 090 |
|
|
|a S509
|b .T78 1790
|
| 092 |
|
|
|a 630.942
|b T873p3
|
| 100 |
1 |
|
|a Trusler, John.
|
| 245 |
1 |
0 |
|a Practical husbandry :
|b or, the art of farming with a certainty of gain as practised by judicious farmers in this country, the result of experience and long observation /
|c by Dr. John Trusler.
|
| 250 |
|
|
|a 3d ed.
|
| 264 |
|
3 |
|a London :
|b printed for the author by the Literary Press,
|c 1790.
|
| 300 |
|
|
|a 162 pages
|
| 336 |
|
|
|a text
|b txt
|2 rdacontent
|
| 337 |
|
|
|a unmediated
|b n
|2 rdamedia
|
| 338 |
|
|
|a volume
|b nc
|2 rdacarrier
|
| 650 |
|
0 |
|a Agriculture
|z England
|x History.
|
| 999 |
|
|
|a MARS
|
| 999 |
f |
f |
|s 321862f0-2478-3526-a069-95d17929f5ce
|i ef1817cd-67a2-3baf-99ef-f08384db3fc5
|t 0
|
| 952 |
f |
f |
|p noncirc
|a Texas A&M University
|b College Station
|c Cushing Memorial Library & Archives
|d Cushing: Rare Books (Does not check out)
|t 0
|e S509 .T78 1790
|h Library of Congress classification
|i unmediated -- volume
|
| 998 |
f |
f |
|a S509 .T78 1790
|t 0
|l Cushing: Rare Books (Does not check out)
|